00381nam a2200121Ia 4500008004100000100002000041245002800061245001800089260000900107856005100116999001900167952007300186160531s9999 xx 000 0 und d aHazlitt, Henry. aEconomics in one lesson cHenry Hazlitt c2011 uhttps://mises.org/library/economics-one-lesson c295024d295024 001040aCLbCLd2016-05-31l0r2016-05-31 00:00:00w2016-05-31yCBE